Vainqueurs du Master 1000 de Madrid - Statistiques

Statistiques générales
  • Ce quiz a été pris 40 fois
  • Le résultat moyen est 19 sur 22
Statistiques - réponses
Champions % Correct
2019 Djokovic
100%
2016 Djokovic
100%
2011 Djokovic
100%
2017 Nadal
100%
2014 Nadal
100%
2013 Nadal
100%
2010 Nadal
100%
2005 Nadal
100%
2012 Federer
97%
2009 Federer
97%
2006 Federer
97%
2023 Alcaraz
94%
2022 Alcaraz
94%
2015 Murray
88%
2008 Murray
88%
2021 Zverev
88%
2018 Zverev
88%
2024 Rublev
68%
2002 Agassi
53%
2003 Ferrero
44%
2007 Nalbandian
38%
2004 Safin
29%
Aucun quiz correspondant
Distribution des résultats
% des personnes avec chaque résultat
Percentile par nombre de réponses
Votre historique - résultats
Vous n’avez pas pris ce quiz